| 000 | 00794nam a22002777a 4500 | ||
|---|---|---|---|
| 001 | 00260 | ||
| 003 | DO-SdBNP | ||
| 005 | 20180130135347.0 | ||
| 008 | 151203b 1986 sp 00| 0 spa d | ||
| 020 | _a8427010230 | ||
| 040 |
_aBPMSU _bspa _cBPMSU |
||
| 041 | 1 | 7 |
_aspa _heng |
| 082 | 4 |
_axxx _bxxx |
|
| 100 | _aKing, Stephen | ||
| 240 | 1 | 0 |
_aThe long walk. _lEspañol. |
| 245 | 1 | 0 |
_aLa larga marcha / _cStephen King, escribiendo como Richard Bachman ; traducción de Hernán Sabaté. |
| 260 |
_aBarcelona : _bMartínez Roca, _c1986. |
||
| 300 |
_a286 p. ; _c22 cm. |
||
| 490 | 1 | _aGran super ficción | |
| 700 | 1 | 2 |
_aSabaté, Hernán, _etr. |
| 830 | 0 | _aGran super ficción | |
| 910 | _a00260 | ||
| 942 |
_2ddc _cBK |
||
| 945 | _aInventariado, 2018/ YL | ||
| 956 |
_aLorenza Pérez _b10 _cBPMSU |
||
| 999 |
_c8995 _d8995 |
||